[Event "-chT Youth Countries 2019"]
[Site "Wuerzburg"]
[Date "2019.10.04"]
[Round "5.6"]
[White "Gressler, Christian"]
[Black "Grining, Maria"]
[Result "0-1"]
[WhiteElo "1464"]
[BlackElo "1801"]
[Annotator "NA"]
[PlyCount "90"]
[EventDate "2019.10.02"]
[EventType "team-tourn"]
[EventRounds "7"]
[EventCountry "GER"]
[SourceTitle "playchess.com"]
[Source "ChessBase"]
[SourceQuality "1"]
[WhiteTeam "Mecklenburg-Vorpommern"]
[BlackTeam "Baden 2"]
[TimeControl "40/5400+30:1800+30"]

1. e4 {[%emt 0:00:00]} c6 {[%emt 0:00:00]} 2. d4 {[%emt 0:00:00]} d5 {[%emt 0:00:00]} 3. exd5 {[%emt 0:00:00]} cxd5 {[%emt 0:00:00]} 4. Bd3 {[%emt 0:00:00]} Nc6 {[%emt 0:00:14]} 5. c3 {[%emt 0:00:10]} Nf6 {[%emt 0:00:23]} 6. h3 {[%emt 0:00:16]} g6 {[%emt 0:00:53]} 7. Nf3 {[%emt 0:00:42]} Qc7 {[%emt 0:00:50]} 8. O-O {[%emt 0:00:55]} Bg7 {[%emt 0:00:13]} 9. Re1 {[%emt 0:00:28]} O-O {[%emt 0:00:18]} 10. Nbd2 {[%emt 0:01:50]} Re8 {[%emt 0:02:07]} 11. Nf1 {[%emt 0:01:50]} Nh5 {[%emt 0:09:19]} 12. Bg5 {[%emt 0:09:40]} Bd7 {[%emt 0:06:06]} 13. Qd2 {[%emt 0:00:33]} e5 {[%emt 0:19:23]} 14. Be2 {[%emt 0:12:07]} exd4 {[%emt 0:04:06]} 15. Nxd4 {[%emt 0:00:38]} Nxd4 {[%emt 0:03:06]} 16. Bxh5 {[%emt 0:03:50]} Ne6 {[%emt 0:01:13]} 17. Bg4 {[%emt 0:05:49]} Nxg5 {[%emt 0:03:38]} 18. Qxg5 {[%emt 0:00:32]} Bc6 {[%emt 0:03:47]} 19. Bf3 {[%emt 0:05:51]} d4 {[%emt 0:01:51]} 20. Bxc6 {[%emt 0:00:44]} Qxc6 {[%emt 0:00:19]} 21. cxd4 {[%emt 0:01:03]} Bxd4 {[%emt 0:00:40]} 22. Ne3 {[%emt 0:09:21]} Bf6 {[%emt 0:06:34]} 23. Qg4 {[%emt 0:03:45]} Bxb2 {[%emt 0:05:09]} 24. Rab1 {[%emt 0:00:45]} Bg7 {[%emt 0:02:37]} 25. Rec1 {[%emt 0:01:19]} Qa6 {[%emt 0:10:36]} 26. Qd7 {[%emt 0:04:09]} Qxa2 {[%emt 0:04:05]} 27. Rxb7 {[%emt 0:05:50]} Rad8 {[%emt 0:01:35]} 28. Rxa7 {[%emt 0:02:10]} Qb3 {[%emt 0:03:23]} 29. Rb7 {[%emt 0:04:25]} Rxd7 {[%emt 0:04:47]} 30. Rxb3 {[%emt 0:00:22]} Bh6 {[%emt 0:01:00]} 31. Rc2 {[%emt 0:03:40]} Red8 {[%emt 0:02:18]} 32. Ng4 {[%emt 0:03:57]} Bg7 {[%emt 0:00:19]} 33. Kf1 {[%emt 0:02:48]} Rd1+ {[%emt 0:03:02]} 34. Ke2 {[%emt 0:00:13]} h5 {[%emt 0:00:47]} 35. Ne3 {[%emt 0:01:00]} R1d7 {[%emt 0:00:12]} 36. Rb1 {[%emt 0:03:08]} Re8 {[%emt 0:00:48]} 37. Rd2 {[%emt 0:01:48]} Rde7 {[%emt 0:01:29]} 38. Rd3 {[%emt 0:03:48]} Ra8 {[%emt 0:00:57]} 39. Rbd1 {[%emt 0:01:20]} Ra2+ {[%emt 0:00:44]} 40. Kf3 {[%emt 0:00:41]} Bh6 {[%emt 0:00:31]} 41. Rb1 {[%emt 0:36:38]} Kg7 {[%emt 0:04:11]} 42. g4 {[%emt 0:00:00]} hxg4+ {[%emt 0:01:24]} 43. hxg4 {[%emt 0:00:00]} Ra4 {[%emt 0:00:55]} 44. Rg1 {[%emt 0:00:00]} Bg5 {[%emt 0:02:26]} 45. Rb3 {[%emt 0:00:00]} Ree4 {[%emt 0:01:50] normal} 0-1

[Event "-chT Youth Countries 2019"]
[Site "Wuerzburg"]
[Date "2019.10.04"]
[Round "5.7"]
[White "Kempe, Caius Emilian"]
[Black "Bardorz, Jana"]
[Result "0-1"]
[WhiteElo "1835"]
[BlackElo "1929"]
[Annotator "NA"]
[PlyCount "46"]
[EventDate "2019.10.02"]
[EventType "team-tourn"]
[EventRounds "7"]
[EventCountry "GER"]
[SourceTitle "playchess.com"]
[Source "ChessBase"]
[SourceQuality "1"]
[WhiteTeam "Sachsen"]
[BlackTeam "Bayern 1"]
[TimeControl "40/5400+30:1800+30"]

1. d4 {[%emt 0:00:00]} Nf6 {[%emt 0:00:00]} 2. c4 {[%emt 0:00:00]} g6 {[%emt 0:00:00]} 3. Nc3 {[%emt 0:00:00]} Bg7 {[%emt 0:00:00]} 4. e4 {[%emt 0:00:02]} d6 {[%emt 0:00:00]} 5. f3 {[%emt 0:00:19]} O-O {[%emt 0:00:00]} 6. Be3 {[%emt 0:00:06]} a6 {[%emt 0:00:45]} 7. Qd2 {[%emt 0:01:03]} Nbd7 {[%emt 0:00:15]} 8. Nge2 {[%emt 0:01:03]} b5 {[%emt 0:00:54]} 9. cxb5 {[%emt 0:04:03]} axb5 {[%emt 0:00:07]} 10. Nxb5 {[%emt 0:00:38]} c6 {[%emt 0:00:19]} 11. Nbc3 {[%emt 0:03:18]} e5 {[%emt 0:01:24]} 12. Nc1 {[%emt 0:08:45]} d5 {[%emt 0:04:26]} 13. exd5 {[%emt 0:04:41]} Nxd5 {[%emt 0:04:39]} 14. Nxd5 {[%emt 0:00:20]} cxd5 {[%emt 0:00:11]} 15. Be2 {[%emt 0:02:08]} Re8 {[%emt 0:14:00]} 16. O-O {[%emt 0:05:11]} Nb6 {[%emt 0:08:45]} 17. dxe5 {[%emt 0:04:27]} Bxe5 {[%emt 0:01:47]} 18. Bf2 {[%emt 0:09:53]} Nc4 {[%emt 0:08:44]} 19. Bxc4 {[%emt 0:00:30]} dxc4 {[%emt 0:00:05]} 20. Qb4 {[%emt 0:07:21]} Qc7 {[%emt 0:05:33]} 21. Bg3 {[%emt 0:01:30]} Bxg3 {[%emt 0:03:47]} 22. hxg3 {[%emt 0:00:37]} Qxg3 {[%emt 0:01:48]} 23. Qxc4 {[%emt 0:00:23]} Ba6 {[%emt 0:02:41] normal} 0-1

[Event "-chT Youth Countries 2019"]
[Site "Wuerzburg"]
[Date "2019.10.04"]
[Round "5.7"]
[White "Yue, Qizhou"]
[Black "Bock, Marlon"]
[Result "1/2-1/2"]
[WhiteElo "1810"]
[BlackElo "1671"]
[Annotator "NA"]
[PlyCount "86"]
[EventDate "2019.10.02"]
[EventType "team-tourn"]
[EventRounds "7"]
[EventCountry "GER"]
[SourceTitle "playchess.com"]
[Source "ChessBase"]
[SourceQuality "1"]
[WhiteTeam "Rheinland-Pfalz"]
[BlackTeam "Thüringen"]
[TimeControl "40/5400+30:1800+30"]

1. e4 {[%emt 0:00:00]} d5 {[%emt 0:00:00]} 2. exd5 {[%emt 0:00:00]} Qxd5 {[%emt 0:00:00]} 3. Nc3 {[%emt 0:00:00]} Qa5 {[%emt 0:00:00]} 4. Nf3 {[%emt 0:00:37]} Nf6 {[%emt 0:00:25]} 5. Bc4 {[%emt 0:02:13]} Bf5 {[%emt 0:02:30]} 6. d3 {[%emt 0:03:46]} e6 {[%emt 0:03:53]} 7. O-O {[%emt 0:00:57]} c6 {[%emt 0:00:41]} 8. Re1 {[%emt 0:04:08]} Be7 {[%emt 0:01:37]} 9. Bd2 {[%emt 0:02:17]} Qc7 {[%emt 0:02:05]} 10. Ne4 {[%emt 0:08:58]} Nbd7 {[%emt 0:03:22]} 11. Ng3 {[%emt 0:02:42]} Bg6 {[%emt 0:02:00]} 12. a4 {[%emt 0:03:51]} h6 {[%emt 0:06:00]} 13. Bc3 {[%emt 0:08:23]} O-O {[%emt 0:03:29]} 14. Qe2 {[%emt 0:03:11]} Nd5 {[%emt 0:06:29]} 15. Bxd5 {[%emt 0:08:57]} cxd5 {[%emt 0:00:21]} 16. Ne5 {[%emt 0:04:47]} Nxe5 {[%emt 0:04:44]} 17. Bxe5 {[%emt 0:00:19]} Bd6 {[%emt 0:00:17]} 18. Bxd6 {[%emt 0:04:23]} Qxd6 {[%emt 0:00:07]} 19. d4 {[%emt 0:01:09]} Rfc8 {[%emt 0:01:23]} 20. c3 {[%emt 0:00:54]} Rc4 {[%emt 0:01:54]} 21. a5 {[%emt 0:02:23]} Rac8 {[%emt 0:01:14]} 22. Qe5 {[%emt 0:01:08]} Qd7 {[%emt 0:02:56]} 23. f4 {[%emt 0:07:58]} Qb5 {[%emt 0:05:48]} 24. Re2 {[%emt 0:02:20]} Ra4 {[%emt 0:01:05]} 25. Rxa4 {[%emt 0:01:10]} Qxa4 {[%emt 0:00:09]} 26. f5 {[%emt 0:00:47]} exf5 {[%emt 0:00:28]} 27. Qxd5 {[%emt 0:02:43]} f4 {[%emt 0:02:45]} 28. Nf5 {[%emt 0:01:06]} Bxf5 {[%emt 0:03:53]} 29. Qxf5 {[%emt 0:00:12]} Re8 {[%emt 0:00:23]} 30. Kf2 {[%emt 0:10:19]} Rxe2+ {[%emt 0:04:02]} 31. Kxe2 {[%emt 0:00:09]} Qe8+ {[%emt 0:00:11]} 32. Qe5 {[%emt 0:01:04]} Qxe5+ {[%emt 0:00:49]} 33. dxe5 {[%emt 0:00:05]} g5 {[%emt 0:00:27]} 34. Kf3 {[%emt 0:01:02]} f5 {[%emt 0:00:34]} 35. b4 {[%emt 0:03:55]} Kf7 {[%emt 0:01:10]} 36. c4 {[%emt 0:00:25]} Ke6 {[%emt 0:00:07]} 37. b5 {[%emt 0:02:24]} Kxe5 {[%emt 0:03:41]} 38. c5 {[%emt 0:01:16]} Kd5 {[%emt 0:00:23]} 39. c6 {[%emt 0:01:04]} Kd6 {[%emt 0:03:05]} 40. cxb7 {[%emt 0:03:14]} Kc7 {[%emt 0:00:06]} 41. a6 {[%emt 0:30:23]} Kb8 {[%emt 0:30:45]} 42. h4 {[%emt 0:00:00]} Kc7 {[%emt 0:00:00]} 43. h5 {[%emt 0:00:00]} Kb8 {[%emt 0:00:00] normal} 1/2-1/2

[Event "-chT Youth Countries 2019"]
[Site "Wuerzburg"]
[Date "2019.10.04"]
[Round "5.7"]
[White "Mundt, Alexandra"]
[Black "Voigt, Anastasia"]
[Result "1-0"]
[WhiteElo "1760"]
[BlackElo "1457"]
[Annotator "NA"]
[PlyCount "98"]
[EventDate "2019.10.02"]
[EventType "team-tourn"]
[EventRounds "7"]
[EventCountry "GER"]
[SourceTitle "playchess.com"]
[Source "ChessBase"]
[SourceQuality "1"]
[WhiteTeam "Schleswig-Holstein"]
[BlackTeam "Sachsen-Anhalt"]
[TimeControl "40/5400+30:1800+30"]

1. e4 {[%emt 0:00:00]} e5 {[%emt 0:00:00]} 2. Nf3 {[%emt 0:00:00]} Nc6 {[%emt 0:00:00]} 3. Bb5 {[%emt 0:00:00]} a6 {[%emt 0:00:00]} 4. Ba4 {[%emt 0:00:00]} Nf6 {[%emt 0:00:02]} 5. O-O {[%emt 0:00:12]} Be7 {[%emt 0:00:14]} 6. Re1 {[%emt 0:00:12]} b5 {[%emt 0:00:04]} 7. Bb3 {[%emt 0:00:08]} d6 {[%emt 0:00:07]} 8. h3 {[%emt 0:00:32]} O-O {[%emt 0:00:28]} 9. c3 {[%emt 0:00:10]} Na5 {[%emt 0:00:08]} 10. Bc2 {[%emt 0:00:29]} c5 {[%emt 0:00:19]} 11. d4 {[%emt 0:05:24]} Qc7 {[%emt 0:02:50]} 12. Bg5 {[%emt 0:02:53]} cxd4 {[%emt 0:00:57]} 13. cxd4 {[%emt 0:00:32]} Nc6 {[%emt 0:00:34]} 14. Nc3 {[%emt 0:06:05]} Bd7 {[%emt 0:00:29]} 15. Rc1 {[%emt 0:01:45]} Rac8 {[%emt 0:11:13]} 16. d5 {[%emt 0:16:19]} Na5 {[%emt 0:06:42]} 17. Bb1 {[%emt 0:08:15]} Qb6 {[%emt 0:01:52]} 18. Be3 {[%emt 0:04:24]} Qb7 {[%emt 0:00:44]} 19. b3 {[%emt 0:00:14]} Qb8 {[%emt 0:02:12]} 20. Qd2 {[%emt 0:10:20]} Nb7 {[%emt 0:03:11]} 21. b4 {[%emt 0:01:51]} a5 {[%emt 0:01:57]} 22. a3 {[%emt 0:00:05]} Ne8 {[%emt 0:09:38]} 23. Bd3 {[%emt 0:04:42]} axb4 {[%emt 0:02:18]} 24. axb4 {[%emt 0:00:05]} Nd8 {[%emt 0:02:00]} 25. Ra1 {[%emt 0:07:29]} Rc7 {[%emt 0:03:31]} 26. Rec1 {[%emt 0:00:49]} Rb7 {[%emt 0:01:13]} 27. Qe2 {[%emt 0:05:56]} Nc7 {[%emt 0:00:33]} 28. Nd2 {[%emt 0:02:15]} f5 {[%emt 0:01:28]} 29. exf5 {[%emt 0:09:31]} Bxf5 {[%emt 0:00:56]} 30. Bxf5 {[%emt 0:02:57]} Rxf5 {[%emt 0:01:03]} 31. Qd3 {[%emt 0:00:10]} Rf8 {[%emt 0:02:17]} 32. Nb3 {[%emt 0:00:57]} Ne8 {[%emt 0:11:50]} 33. Na5 {[%emt 0:03:32]} Rc7 {[%emt 0:00:45]} 34. Nxb5 {[%emt 0:01:43]} Rxc1+ 35. Rxc1 {[%emt 0:00:05]} Nf6 {[%emt 0:01:24]} 36. Nc6 {[%emt 0:01:52]} Nxc6 {[%emt 0:01:39]} 37. dxc6 {[%emt 0:00:24]} d5 {[%emt 0:00:22]} 38. c7 {[%emt 0:01:14]} Qb7 {[%emt 0:00:20]} 39. Na7 {[%emt 0:01:59]} d4 {[%emt 0:01:42]} 40. c8=Q {[%emt 0:00:21]} Rxc8 {[%emt 0:00:08]} 41. Nxc8 {[%emt 0:33:18]} dxe3 {[%emt 0:30:10]} 42. Nxe7+ {[%emt 0:00:25]} Qxe7 {[%emt 0:00:15]} 43. Qxe3 {[%emt 0:00:00]} Qxb4 {[%emt 0:00:00]} 44. Qxe5 {[%emt 0:00:00]} Kf7 {[%emt 0:00:00]} 45. Rc7+ {[%emt 0:00:00]} Kg6 {[%emt 0:00:00]} 46. Qg3+ {[%emt 0:00:00]} Kf5 {[%emt 0:00:00]} 47. Rxg7 {[%emt 0:00:00]} Ke6 {[%emt 0:00:00]} 48. Qe3+ {[%emt 0:00:00]} Kd6 {[%emt 0:00:00]} 49. Qe7+ {[%emt 0:00:00]} Kd5 {normal} 1-0

[Event "-chT Youth Countries 2019"]
[Site "Wuerzburg"]
[Date "2019.10.04"]
[Round "5.7"]
[White "Buchholz, Maja"]
[Black "Fischer, Darja"]
[Result "1/2-1/2"]
[WhiteElo "1671"]
[BlackElo "1604"]
[Annotator "NA"]
[PlyCount "86"]
[EventDate "2019.10.02"]
[EventType "team-tourn"]
[EventRounds "7"]
[EventCountry "GER"]
[SourceTitle "playchess.com"]
[Source "ChessBase"]
[SourceQuality "1"]
[WhiteTeam "Hessen"]
[BlackTeam "Baden 1"]
[TimeControl "40/5400+30:1800+30"]

1. c4 {[%emt 0:00:00]} e5 {[%emt 0:00:00]} 2. g3 {[%emt 0:00:00]} c6 {[%emt 0:00:13]} 3. Bg2 {[%emt 0:00:00]} d5 {[%emt 0:00:27]} 4. cxd5 {[%emt 0:00:47]} cxd5 {[%emt 0:00:15]} 5. Nf3 {[%emt 0:00:40]} Nc6 {[%emt 0:00:55]} 6. O-O {[%emt 0:02:24]} Nf6 {[%emt 0:01:00]} 7. Nc3 {[%emt 0:01:18]} Bd6 {[%emt 0:04:52]} 8. d4 {[%emt 0:03:14]} e4 {[%emt 0:02:58]} 9. Ne1 {[%emt 0:00:26]} h6 {[%emt 0:03:46]} 10. Nc2 {[%emt 0:07:22]} O-O {[%emt 0:03:03]} 11. a3 {[%emt 0:07:47]} a6 {[%emt 0:03:14]} 12. Bd2 {[%emt 0:05:23]} Be6 {[%emt 0:04:11]} 13. Qc1 {[%emt 0:07:28]} Qd7 {[%emt 0:05:03]} 14. Re1 {[%emt 0:05:44]} Bh3 {[%emt 0:03:16]} 15. Bh1 {[%emt 0:00:41]} Rac8 {[%emt 0:13:52]} 16. Bf4 {[%emt 0:04:08]} Bxf4 17. Qxf4 {[%emt 0:00:19]} Ne7 {[%emt 0:10:29]} 18. Qd2 {[%emt 0:09:10]} Nh7 {[%emt 0:04:25]} 19. Ne3 {[%emt 0:03:00]} f5 {[%emt 0:02:31]} 20. Ng2 {[%emt 0:02:05]} Bxg2 {[%emt 0:03:32]} 21. Bxg2 {[%emt 0:00:06]} Rf6 {[%emt 0:02:44]} 22. f3 {[%emt 0:10:40]} Rcf8 {[%emt 0:04:48]} 23. Rac1 {[%emt 0:04:38]} g5 {[%emt 0:06:01]} 24. Qc2 {[%emt 0:02:38]} h5 {[%emt 0:03:06]} 25. Qb3 {[%emt 0:02:05]} Kh8 {[%emt 0:03:06]} 26. e3 {[%emt 0:04:40]} g4 {[%emt 0:02:59]} 27. f4 {[%emt 0:00:55]} h4 {[%emt 0:04:27]} 28. Kf2 {[%emt 0:00:46]} h3 {[%emt 0:00:54]} 29. Bf1 {[%emt 0:00:13]} Rc8 {[%emt 0:00:48]} 30. Ke2 {[%emt 0:02:26]} Rfc6 {[%emt 0:01:34]} 31. Kd2 {[%emt 0:00:28]} Qc7 {[%emt 0:01:53]} 32. Be2 {[%emt 0:01:02]} Qb6 {[%emt 0:00:56]} 33. Qa2 {[%emt 0:01:04]} Nf6 {[%emt 0:01:48]} 34. Bd1 {[%emt 0:00:37]} Qd8 {[%emt 0:00:45]} 35. Bb3 {[%emt 0:00:42]} b5 {[%emt 0:00:53]} 36. Bd1 {[%emt 0:01:59]} a5 {[%emt 0:01:15]} 37. b4 {[%emt 0:02:31]} axb4 {[%emt 0:01:01]} 38. axb4 {[%emt 0:00:51]} Ra8 {[%emt 0:00:18]} 39. Qb2 {[%emt 0:00:21]} Nc8 {[%emt 0:00:46]} 40. Be2 {[%emt 0:01:36]} Nd6 {[%emt 0:00:43]} 41. Bxb5 {[%emt 0:31:04]} Nxb5 {[%emt 0:01:34]} 42. Nxb5 {[%emt 0:00:00]} Rca6 {[%emt 0:01:08]} 43. Ra1 {[%emt 0:00:00]} Qb6 {[%emt 0:05:15] normal} 1/2-1/2

[Event "-chT Youth Countries 2019"]
[Site "Wuerzburg"]
[Date "2019.10.04"]
[Round "5.7"]
[White "Bungarten, Jona"]
[Black "Schnabel, Luise"]
[Result "1/2-1/2"]
[WhiteElo "1669"]
[BlackElo "1900"]
[Annotator "NA"]
[PlyCount "47"]
[EventDate "2019.10.02"]
[EventType "team-tourn"]
[EventRounds "7"]
[EventCountry "GER"]
[SourceTitle "playchess.com"]
[Source "ChessBase"]
[SourceQuality "1"]
[WhiteTeam "Nordrhein-Westfalen"]
[BlackTeam "Berlin"]
[TimeControl "40/5400+30:1800+30"]

1. e4 {[%emt 0:00:00]} Nf6 {[%emt 0:00:00]} 2. e5 {[%emt 0:00:00]} Nd5 {[%emt 0:00:00]} 3. d4 {[%emt 0:00:00]} d6 {[%emt 0:00:09]} 4. Bc4 {[%emt 0:00:00]} e6 {[%emt 0:02:36]} 5. Nf3 {[%emt 0:01:35]} Nb6 {[%emt 0:04:27]} 6. Bb3 {[%emt 0:00:12]} Nc6 {[%emt 0:03:26]} 7. O-O {[%emt 0:01:34]} Be7 {[%emt 0:02:18]} 8. Nc3 {[%emt 0:02:27]} O-O {[%emt 0:05:17]} 9. Qe2 {[%emt 0:02:01]} Bd7 {[%emt 0:04:25]} 10. Ne4 {[%emt 0:01:24]} Na5 {[%emt 0:07:17]} 11. Bf4 {[%emt 0:03:17]} Bc6 {[%emt 0:04:18]} 12. exd6 {[%emt 0:05:07]} cxd6 {[%emt 0:01:25]} 13. Rad1 {[%emt 0:00:59]} Nxb3 {[%emt 0:06:10]} 14. axb3 {[%emt 0:00:09]} Nd5 {[%emt 0:01:18]} 15. Bg3 {[%emt 0:00:52]} Nf6 {[%emt 0:04:00]} 16. Nfd2 {[%emt 0:03:37]} Rc8 {[%emt 0:06:04]} 17. c4 {[%emt 0:02:04]} d5 {[%emt 0:11:38]} 18. Nc3 {[%emt 0:01:23]} dxc4 {[%emt 0:02:44]} 19. Nxc4 {[%emt 0:00:18]} a6 {[%emt 0:05:24]} 20. Rfe1 {[%emt 0:01:34]} Bd5 {[%emt 0:03:22]} 21. f3 {[%emt 0:04:54]} b5 {[%emt 0:04:34]} 22. Nxd5 {[%emt 0:07:00]} Nxd5 {[%emt 0:00:53]} 23. Ne5 {[%emt 0:02:05]} Nb4 {[%emt 0:04:44]} 24. Rd2 {[%emt 0:01:56] normal} 1/2-1/2

[Event "-chT Youth Countries 2019"]
[Site "Wuerzburg"]
[Date "2019.10.04"]
[Round "5.7"]
[White "Woerz, Ann-Sophie"]
[Black "Sperling, Niclas"]
[Result "0-1"]
[WhiteElo "1500"]
[BlackElo "1656"]
[Annotator "NA"]
[PlyCount "66"]
[EventDate "2019.10.02"]
[EventType "team-tourn"]
[EventRounds "7"]
[EventCountry "GER"]
[SourceTitle "playchess.com"]
[Source "ChessBase"]
[SourceQuality "1"]
[WhiteTeam "Württemberg"]
[BlackTeam "Brandenburg/Berlin"]
[TimeControl "40/5400+30:1800+30"]

1. e4 {[%emt 0:00:00]} c5 {[%emt 0:00:00]} 2. Nc3 {[%emt 0:00:00]} Nc6 {[%emt 0:00:09]} 3. Nf3 {[%emt 0:02:40]} g6 {[%emt 0:00:38]} 4. Bb5 {[%emt 0:00:48]} Bg7 {[%emt 0:02:27]} 5. Bxc6 {[%emt 0:01:34]} bxc6 {[%emt 0:00:44]} 6. d4 {[%emt 0:00:53]} cxd4 {[%emt 0:00:23]} 7. Nxd4 {[%emt 0:00:05]} c5 {[%emt 0:00:17]} 8. Nde2 {[%emt 0:02:14]} d6 {[%emt 0:03:36]} 9. O-O {[%emt 0:01:56]} Nf6 {[%emt 0:01:18]} 10. f4 {[%emt 0:02:18]} O-O {[%emt 0:01:11]} 11. b3 {[%emt 0:02:19]} Nxe4 {[%emt 0:07:38]} 12. Bb2 {[%emt 0:04:07]} Bg4 {[%emt 0:07:48]} 13. Nxe4 {[%emt 0:04:23]} Bxb2 {[%emt 0:00:12]} 14. Rb1 {[%emt 0:00:01]} Bg7 {[%emt 0:00:47]} 15. h3 {[%emt 0:01:13]} Bd7 {[%emt 0:02:16]} 16. Qd2 {[%emt 0:04:30]} Bc6 {[%emt 0:00:32]} 17. N2g3 {[%emt 0:04:05]} Qb6 {[%emt 0:02:49]} 18. c4 {[%emt 0:05:30]} Qb7 {[%emt 0:00:19]} 19. Rbe1 {[%emt 0:04:37]} a5 {[%emt 0:02:17]} 20. f5 {[%emt 0:13:11]} a4 {[%emt 0:02:52]} 21. bxa4 {[%emt 0:01:10]} Bd4+ {[%emt 0:04:47]} 22. Kh1 {[%emt 0:03:01]} Rxa4 {[%emt 0:12:34]} 23. fxg6 {[%emt 0:07:43]} fxg6 {[%emt 0:01:29]} 24. Rxf8+ {[%emt 0:01:37]} Kxf8 {[%emt 0:00:24]} 25. Qh6+ {[%emt 0:01:53]} Kg8 {[%emt 0:07:45]} 26. Rf1 {[%emt 0:06:59]} Bg7 {[%emt 0:01:06]} 27. Qf4 {[%emt 0:04:18]} Ra8 {[%emt 0:12:01]} 28. Qf7+ {[%emt 0:11:16]} Kh8 {[%emt 0:00:16]} 29. Qe6 {[%emt 0:02:36]} Qd7 {[%emt 0:07:04]} 30. Qxd7 {[%emt 0:02:05]} Bxd7 {[%emt 0:00:11]} 31. Rf7 {[%emt 0:00:46]} Re8 {[%emt 0:00:46]} 32. Nxd6 {[%emt 0:01:08]} Be6 {[%emt 0:02:45]} 33. Rxg7 {[%emt 0:00:44]} exd6 {[%emt 0:00:02] normal} 0-1

[Event "-chT Youth Countries 2019"]
[Site "Wuerzburg"]
[Date "2019.10.04"]
[Round "5.7"]
[White "Henninger, Claire"]
[Black "Wucherer, Sophie"]
[Result "0-1"]
[WhiteElo "1471"]
[BlackElo "1531"]
[Annotator "NA"]
[PlyCount "114"]
[EventDate "2019.10.02"]
[EventType "team-tourn"]
[EventRounds "7"]
[EventCountry "GER"]
[SourceTitle "playchess.com"]
[Source "ChessBase"]
[SourceQuality "1"]
[WhiteTeam "Baden 2"]
[BlackTeam "Mecklenburg-Vorpommern"]
[TimeControl "40/5400+30:1800+30"]

1. e4 {[%emt 0:00:00]} e6 {[%emt 0:00:00]} 2. d4 {[%emt 0:00:00]} d5 {[%emt 0:00:00]} 3. e5 {[%emt 0:00:00]} c5 {[%emt 0:00:00]} 4. c3 {[%emt 0:00:06]} Nc6 {[%emt 0:00:04]} 5. Nf3 {[%emt 0:00:12]} Bd7 {[%emt 0:00:28]} 6. a3 {[%emt 0:04:31]} a6 {[%emt 0:06:48]} 7. b4 {[%emt 0:05:12]} cxd4 {[%emt 0:00:08]} 8. cxd4 {[%emt 0:00:30]} b5 {[%emt 0:01:15]} 9. Bb2 {[%emt 0:01:11]} f6 {[%emt 0:02:12]} 10. g3 {[%emt 0:03:38]} fxe5 {[%emt 0:01:26]} 11. Nxe5 {[%emt 0:01:16]} Nxe5 {[%emt 0:04:26]} 12. dxe5 {[%emt 0:00:10]} Ne7 {[%emt 0:00:18]} 13. Bh3 {[%emt 0:04:19]} Ng6 {[%emt 0:00:20]} 14. O-O {[%emt 0:01:35]} Be7 {[%emt 0:00:40]} 15. f4 {[%emt 0:03:36]} O-O {[%emt 0:00:37]} 16. Qd3 {[%emt 0:03:15]} Rc8 {[%emt 0:00:54]} 17. f5 {[%emt 0:03:21]} exf5 {[%emt 0:02:12]} 18. Qxd5+ {[%emt 0:01:52]} Kh8 {[%emt 0:00:08]} 19. e6 {[%emt 0:01:31]} Bc6 {[%emt 0:00:52]} 20. Qxd8 {[%emt 0:00:29]} Bxd8 {[%emt 0:10:37]} 21. Rxf5 {[%emt 0:01:57]} Bb6+ {[%emt 0:01:05]} 22. Kf1 {[%emt 0:02:06]} Rxf5+ {[%emt 0:00:29]} 23. Bxf5 {[%emt 0:00:37]} Rf8 {[%emt 0:00:09]} 24. g4 {[%emt 0:01:11]} Ne7 {[%emt 0:00:40]} 25. Nc3 {[%emt 0:13:43]} Nxf5 {[%emt 0:02:46]} 26. gxf5 {[%emt 0:00:07]} Rxf5+ {[%emt 0:00:13]} 27. Ke1 {[%emt 0:00:33]} Re5+ {[%emt 0:07:15]} 28. Kd2 {[%emt 0:01:11]} Rxe6 {[%emt 0:00:43]} 29. Rf1 {[%emt 0:02:19]} Kg8 {[%emt 0:01:10]} 30. Ne2 {[%emt 0:02:13]} Rh6 {[%emt 0:01:46]} 31. Be5 {[%emt 0:01:32]} Re6 {[%emt 0:05:42]} 32. Bd4 {[%emt 0:06:44]} Rxe2+ {[%emt 0:25:33]} 33. Kxe2 {[%emt 0:01:13]} Bxd4 {[%emt 0:00:08]} 34. Kd2 {[%emt 0:00:31]} Bf6 {[%emt 0:01:07]} 35. Kc2 {[%emt 0:01:50]} Kf7 {[%emt 0:01:05]} 36. Kd3 {[%emt 0:01:31]} Ke6 {[%emt 0:05:22]} 37. Re1+ {[%emt 0:00:24]} Kf5 {[%emt 0:00:07]} 38. h3 {[%emt 0:00:34]} Bd7 {[%emt 0:01:08]} 39. Ke3 {[%emt 0:01:36]} Kg6 {[%emt 0:03:57]} 40. Rh1 {[%emt 0:02:15]} Kh5 {[%emt 0:00:29]} 41. Kf4 {[%emt 0:30:18]} g5+ {[%emt 0:30:34]} 42. Kg3 {[%emt 0:00:15]} Be5+ {[%emt 0:00:20]} 43. Kf2 {[%emt 0:00:12]} Kh4 {[%emt 0:00:31]} 44. Rc1 {[%emt 0:01:00]} Kxh3 {[%emt 0:07:46]} 45. Rd1 {[%emt 0:01:33]} Bc6 {[%emt 0:00:36]} 46. Rc1 {[%emt 0:01:15]} Bd5 {[%emt 0:03:44]} 47. Rd1 {[%emt 0:02:21]} Bc4 {[%emt 0:00:33]} 48. Rd7 {[%emt 0:00:51]} h5 {[%emt 0:00:25]} 49. Ra7 {[%emt 0:00:44]} Bd4+ {[%emt 0:00:12]} 50. Kf3 {[%emt 0:00:20]} Bxa7 {[%emt 0:00:13]} 51. a4 {[%emt 0:00:07]} g4+ {[%emt 0:00:00]} 52. Kf4 {[%emt 0:00:11]} g3 {[%emt 0:00:07]} 53. axb5 {[%emt 0:00:12]} axb5 {[%emt 0:00:08]} 54. Kg5 {[%emt 0:00:19]} g2 {[%emt 0:00:11]} 55. Kh6 {[%emt 0:00:08]} g1=Q {[%emt 0:00:42]} 56. Kh7 {[%emt 0:00:12]} Bd3+ {[%emt 0:00:12]} 57. Kh8 {[%emt 0:00:13]} Bd4# {[%emt 0:00:07] normal} 0-1